The Beltrami equations
Αποθηκεύτηκε σε:
| Κύριος συγγραφέας: | |
|---|---|
| Άλλοι συγγραφείς: | |
| Μορφή: | Βιβλίο |
| Γλώσσα: | English |
| Δημοσίευση: |
Providence, R.I. :
American Mathematical Society,
c2008
|
| Σειρά: | Memoirs of the American Mathematical Society ;
; 893 |
| Θέματα: | |
| Ετικέτες: |
Προσθήκη ετικέτας
Δεν υπάρχουν, Καταχωρήστε ετικέτα πρώτοι!
|
MARC
| LEADER | 00000nam a2200000 i 4500 | ||
|---|---|---|---|
| 001 | 1/98686 | ||
| 008 | 081203s2008 eng d | ||
| 020 | |a 978-0-8218-4045-0 | ||
| 035 | |l 10102182 | ||
| 040 | |a GR-MY-UA |b gre |e aacr | ||
| 041 | 0 | |a eng | |
| 082 | 0 | |a 515.3533 |2 (22) | |
| 100 | 1 | |a Iwaniec, Tadeusz. | |
| 245 | 1 | 4 | |a The Beltrami equations / |c Tadeusz Iwaniec, Gaven Martin |
| 260 | |a Providence, R.I. : |b American Mathematical Society, |c c2008 | ||
| 300 | |a ix, 92 σ.; |c 26 εκ. | ||
| 490 | 1 | |a Memoirs of the American Mathematical Society |v ; 893 | |
| 500 | |a Memoirs of the American Mathematical Society. Volume 191, number 893 (third of 5 numbers). | ||
| 504 | |a Βιβλιογραφία: σ. 89-92 | ||
| 650 | 0 | 0 | |a Conformal mapping. |
| 650 | 0 | 0 | |a Differential equations, Partial. |
| 650 | 0 | 0 | |a Geometry, Non-Euclidean. |
| 700 | 1 | |a Martin, Gaven. | |
| 830 | 0 | |a Memoirs of the American Mathematical Society ; |v ; 893 | |
| 852 | |a INST |b SAMOS |e 20081203 |h 515.3533 IWA |p 005300029543 |q 005300029543 |t BK |y 0 | ||
| 901 | |a BIBL3-2008-3 | ||
| 909 | |a Σ |b 156345 | ||
| 922 | |a 3ΕΛΗ |b 200810 |c ΕΠΕΑΕΚ2/ΤΜΗΜΑ ΜΑΘΗΜΑΤΙΚΩΝ |d ΜΙΧΑΛΟΠΟΥΛΟΣ | ||
| 970 | |a ΣΙΤΖΙΜΗ |b ΓΙΑΣΕΜΗ |z 2008/12/03 | ||